Detalles MARC
| 000 -LEADER |
| campo de control de longitud fija |
01531nam a2200421 i 4500 |
| 001 - NÚMERO DE CONTROL |
| campo de control |
MOR01000111714 |
| 003 - IDENTIFICADOR DE NÚMERO DE CONTROL |
| campo de control |
$$amxcmmo |
| 005 - FECHA Y HORA DE LA ÚLTIMA TRANSACCIÓN |
| campo de control |
20260331231310.0 |
| 008 - DATOS DE LONGITUD FIJA--INFORMACIÓN GENERAL |
| campo de control de longitud fija |
820713s1981 dfm g b 000 0 spa d |
| 035 ## - NÚMERO DE CONTROL DEL SISTEMA |
| Número de control de sistema |
230477 |
| 040 ## - FUENTE DE CATALOGACIÓN |
| Centro catalogador/agencia de origen |
mxcmmo |
| Lengua de catalogación |
spa |
| Centro/agencia transcriptor |
mxcmmo |
| Normas de descripción |
rda |
| 041 0# - CÓDIGO DE IDIOMA |
| Código de lengua del texto/banda sonora o título independiente |
spa |
| 043 ## - CÓDIGO DE ÁREA GEOGRÁFICA |
| Código de área geográfica |
n-mx--- |
| 045 ## - PERIODO DE TIEMPO DEL CONTENIDO |
| Código de periodo de tiempo |
x3x8 |
| 082 04 - NÚMERO DE LA CLASIFICACIÓN DECIMAL DEWEY |
| Número de clasificación |
338.27282 |
| Número de ítem |
TOR.p |
| 100 1# - ENTRADA PRINCIPAL--NOMBRE DE PERSONA |
| Nombre de persona |
Torres, Angel |
| Títulos y otros términos asociados al nombre |
Jr. |
| Término indicativo de función/relación |
autor |
| 9 (RLIN) |
202799 |
| 245 13 - MENCIÓN DEL TÍTULO |
| Título |
El petróleo y la sucesión presidencial/ |
| Mención de responsabilidad, etc. |
Angel Torres Jr. |
| 264 #1 - PRODUCCIÓN, PUBLICACIÓN, DISTRIBUCIÓN, FABRICACIÓN Y COPYRIGHT |
| Producción, publicación, distribución, fabricación y copyright |
México, D.F.: |
| Nombre del de productor, editor, distribuidor, fabricante |
[Editor no identificado], |
| Fecha de producción, publicación, distribución, fabricación o copyright |
1981 |
| 300 ## - DESCRIPCIÓN FÍSICA |
| Extensión |
264 páginas; |
| Dimensiones |
23 cm |
| 336 ## - TIPO DE CONTENIDO |
| Término de tipo de contenido |
texto |
| Código de tipo de contenido |
txt |
| Fuente |
rdacontent |
| 337 ## - TIPO DE MEDIO |
| Nombre/término del tipo de medio |
sin medio |
| Código del tipo de medio |
n |
| Fuente |
rdamedia |
| 338 ## - TIPO DE SOPORTE |
| Nombre/término del tipo de soporte |
volumen |
| Código del tipo de soporte |
nc |
| Fuente |
rdacarrier |
| 500 ## - NOTA GENERAL |
| Nota general |
"Problemas nacionales determinantes de las sucesiones presidenciales" -- Cubierta. |
| 504 ## - NOTA DE BIBLIOGRAFÍA, ETC. |
| Nota de bibliografía, etc. Nota |
Incluye referencias bibliográficas (páginas 262-264) |
| 541 0# - NOTA DE FUENTE DE ADQUISICIÓN DIRECTA |
| Fuente de adquisición |
FERNANDO ABRAHAM CAMARILLO GUTIÉRREZ |
| Forma de adquisición |
Compra |
| 650 #7 - PUNTO DE ACCESO ADICIONAL DE MATERIA--TÉRMINO DE MATERIA |
| Término de materia o nombre geográfico como elemento de entrada |
Petróleo |
| Subdivisión general |
Industria y comercio |
| Subdivisión geográfica |
México |
| Subdivisión general |
Historia |
| 9 (RLIN) |
22603 |
| 650 #7 - PUNTO DE ACCESO ADICIONAL DE MATERIA--TÉRMINO DE MATERIA |
| Término de materia o nombre geográfico como elemento de entrada |
Presidentes |
| Subdivisión geográfica |
México |
| Subdivisión general |
Sucesión |
| -- |
Historia |
| 9 (RLIN) |
169484 |
| 651 #7 - PUNTO DE ACCESO ADICIONAL DE MATERIA--NOMBRE GEOGRÁFICO |
| Nombre geográfico |
México |
| Subdivisión general |
Política económica |
| -- |
Historia |
| 9 (RLIN) |
14014 |
| 651 #7 - PUNTO DE ACCESO ADICIONAL DE MATERIA--NOMBRE GEOGRÁFICO |
| Nombre geográfico |
México |
| Subdivisión general |
Política y gobierno |
| -- |
Historia |
| 9 (RLIN) |
18149 |
| 900 ## - ELEMENTOS DE DATOS A LOCAL, LDA (RLIN) |
| Nombre de persona |
BERENICE |
| Numeración |
40 |
| Títulos y otros términos asociados al nombre |
20240118 |
| Lenguaje de la obra |
MOR01 |
| -- |
1200 |
| 900 ## - ELEMENTOS DE DATOS A LOCAL, LDA (RLIN) |
| Nombre de persona |
BERENICE |
| Numeración |
40 |
| Títulos y otros términos asociados al nombre |
20240118 |
| Lenguaje de la obra |
MOR01 |
| -- |
1210 |
| 900 ## - ELEMENTOS DE DATOS A LOCAL, LDA (RLIN) |
| Nombre de persona |
CATY |
| Numeración |
30 |
| Títulos y otros términos asociados al nombre |
20230830 |
| Lenguaje de la obra |
MOR01 |
| -- |
1049 |
| 900 ## - ELEMENTOS DE DATOS A LOCAL, LDA (RLIN) |
| Nombre de persona |
LUIS |
| Numeración |
20 |
| Títulos y otros términos asociados al nombre |
20230828 |
| Lenguaje de la obra |
MOR01 |
| -- |
1330 |
| 900 ## - ELEMENTOS DE DATOS A LOCAL, LDA (RLIN) |
| Nombre de persona |
LUIS |
| Numeración |
20 |
| Títulos y otros términos asociados al nombre |
20230828 |
| Lenguaje de la obra |
MOR01 |
| -- |
1330 |
| 900 ## - ELEMENTOS DE DATOS A LOCAL, LDA (RLIN) |
| Nombre de persona |
VOBO |
| Numeración |
40 |
| Títulos y otros términos asociados al nombre |
20240208 |
| Lenguaje de la obra |
MOR01 |
| -- |
1045 |
| 904 ## - ELEMENTOS DE DATOS D LOCAL, LDD (RLIN) |
| a |
UPDATE |
| 942 ## - ELEMENTOS DE ENTRADA SECUNDARIOS (KOHA) |
| Código de la institución [OBSOLETO] |
BK |
| 901 ## - ELEMENTOS DE DATOS A LOCAL LDA (RLIN) |
| a |
batch batch |